<?xml version="1.0" encoding="UTF-8"?>
<collection xmlns="http://www.loc.gov/MARC21/slim">
 <record>
  <leader>03595cam a2200817   4500</leader>
  <controlfield tag="001">127081909</controlfield>
  <controlfield tag="003">DE-627</controlfield>
  <controlfield tag="005">20240321184624.0</controlfield>
  <controlfield tag="007">tu</controlfield>
  <controlfield tag="008">950314s1994    xxu|||||      00| ||eng c</controlfield>
  <datafield tag="020" ind1=" " ind2=" ">
   <subfield code="a">0271010851</subfield>
   <subfield code="c">acid-free paper : $45.00</subfield>
   <subfield code="9">0-271-01085-1</subfield>
  </datafield>
  <datafield tag="035" ind1=" " ind2=" ">
   <subfield code="a">(DE-627)127081909</subfield>
  </datafield>
  <datafield tag="035" ind1=" " ind2=" ">
   <subfield code="a">(DE-576)044237634</subfield>
  </datafield>
  <datafield tag="035" ind1=" " ind2=" ">
   <subfield code="a">(DE-599)GBV127081909</subfield>
  </datafield>
  <datafield tag="035" ind1=" " ind2=" ">
   <subfield code="a">(OCoLC)28410552</subfield>
  </datafield>
  <datafield tag="035" ind1=" " ind2=" ">
   <subfield code="a">(OCoLC)248260323</subfield>
  </datafield>
  <datafield tag="035" ind1=" " ind2=" ">
   <subfield code="a">(OCoLC)185669607</subfield>
  </datafield>
  <datafield tag="035" ind1=" " ind2=" ">
   <subfield code="a">(OCoLC)883430109</subfield>
  </datafield>
  <datafield tag="035" ind1=" " ind2=" ">
   <subfield code="a">(DE-604)8100460542</subfield>
  </datafield>
  <datafield tag="040" ind1=" " ind2=" ">
   <subfield code="a">DE-627</subfield>
   <subfield code="b">ger</subfield>
   <subfield code="c">DE-627</subfield>
   <subfield code="e">rakwb</subfield>
  </datafield>
  <datafield tag="041" ind1=" " ind2=" ">
   <subfield code="a">eng</subfield>
  </datafield>
  <datafield tag="044" ind1=" " ind2=" ">
   <subfield code="c">XD-US</subfield>
  </datafield>
  <datafield tag="050" ind1=" " ind2="0">
   <subfield code="a">NA5551.E256</subfield>
  </datafield>
  <datafield tag="082" ind1="0" ind2=" ">
   <subfield code="a">726</subfield>
  </datafield>
  <datafield tag="082" ind1="0" ind2=" ">
   <subfield code="a">726/.5/094424</subfield>
  </datafield>
  <datafield tag="084" ind1=" " ind2=" ">
   <subfield code="a">9,10</subfield>
   <subfield code="2">ssgn</subfield>
  </datafield>
  <datafield tag="084" ind1=" " ind2=" ">
   <subfield code="a">LM 78999</subfield>
   <subfield code="2">rvk</subfield>
   <subfield code="0">(DE-625)rvk/101265:</subfield>
  </datafield>
  <datafield tag="100" ind1="1" ind2=" ">
   <subfield code="a">Gillerman, Dorothy</subfield>
   <subfield code="d">1932-</subfield>
   <subfield code="0">(DE-588)1114403040</subfield>
   <subfield code="0">(DE-627)868632155</subfield>
   <subfield code="0">(DE-576)166014842</subfield>
   <subfield code="4">aut</subfield>
  </datafield>
  <datafield tag="245" ind1="1" ind2="0">
   <subfield code="a">Enguerran de Marigny and the church of Notre-Dame at Ecouis</subfield>
   <subfield code="b">art and patronage in the reign of Philip the Fair</subfield>
   <subfield code="c">Dorothy Gillerman</subfield>
  </datafield>
  <datafield tag="264" ind1=" " ind2="1">
   <subfield code="a">University Park, Pa</subfield>
   <subfield code="b">Pennsylvania State University Press</subfield>
   <subfield code="c">1994</subfield>
  </datafield>
  <datafield tag="300" ind1=" " ind2=" ">
   <subfield code="a">XIV, 237 S.</subfield>
   <subfield code="b">zahlr. Ill.</subfield>
   <subfield code="c">29 cm</subfield>
  </datafield>
  <datafield tag="336" ind1=" " ind2=" ">
   <subfield code="a">Text</subfield>
   <subfield code="b">txt</subfield>
   <subfield code="2">rdacontent</subfield>
  </datafield>
  <datafield tag="337" ind1=" " ind2=" ">
   <subfield code="a">ohne Hilfsmittel zu benutzen</subfield>
   <subfield code="b">n</subfield>
   <subfield code="2">rdamedia</subfield>
  </datafield>
  <datafield tag="338" ind1=" " ind2=" ">
   <subfield code="a">Band</subfield>
   <subfield code="b">nc</subfield>
   <subfield code="2">rdacarrier</subfield>
  </datafield>
  <datafield tag="500" ind1=" " ind2=" ">
   <subfield code="a">Includes bibliographical references (p. [225]-233) and index</subfield>
  </datafield>
  <datafield tag="583" ind1="1" ind2=" ">
   <subfield code="a">Archivierung prüfen</subfield>
   <subfield code="c">20200919</subfield>
   <subfield code="f">DE-640</subfield>
   <subfield code="z">3</subfield>
   <subfield code="2">pdager</subfield>
  </datafield>
  <datafield tag="583" ind1="1" ind2=" ">
   <subfield code="a">Archivierung/Langzeitarchivierung gewährleistet</subfield>
   <subfield code="f">SSG</subfield>
   <subfield code="x">XA-DE-BW</subfield>
   <subfield code="2">pdager</subfield>
   <subfield code="5">DE-16</subfield>
  </datafield>
  <datafield tag="653" ind1=" " ind2="0">
   <subfield code="a">Notre-Dame (Church : Ecouis, France)</subfield>
  </datafield>
  <datafield tag="653" ind1=" " ind2="0">
   <subfield code="a">Marigny, Enguerrand de</subfield>
   <subfield code="a">1260-1315</subfield>
   <subfield code="a">Art patronage</subfield>
  </datafield>
  <datafield tag="653" ind1=" " ind2="0">
   <subfield code="a">Architecture, Gothic</subfield>
   <subfield code="a">France</subfield>
   <subfield code="a">Ecouis</subfield>
  </datafield>
  <datafield tag="653" ind1=" " ind2="0">
   <subfield code="a">Sculpture, French</subfield>
   <subfield code="a">France</subfield>
   <subfield code="a">Ecouis</subfield>
  </datafield>
  <datafield tag="653" ind1=" " ind2="0">
   <subfield code="a">Sculpture, Gothic</subfield>
   <subfield code="a">France</subfield>
   <subfield code="a">Ecouis</subfield>
  </datafield>
  <datafield tag="653" ind1=" " ind2="0">
   <subfield code="a">Ecouis (France)</subfield>
   <subfield code="a">Buildings, structures, etc</subfield>
  </datafield>
  <datafield tag="655" ind1=" " ind2="7">
   <subfield code="a">Inventar</subfield>
   <subfield code="0">(DE-588)4027540-1</subfield>
   <subfield code="0">(DE-627)106284274</subfield>
   <subfield code="0">(DE-576)208971270</subfield>
   <subfield code="2">gnd-content</subfield>
  </datafield>
  <datafield tag="689" ind1="0" ind2="0">
   <subfield code="d">p</subfield>
   <subfield code="0">(DE-588)11925364X</subfield>
   <subfield code="0">(DE-627)695893327</subfield>
   <subfield code="0">(DE-576)21179726X</subfield>
   <subfield code="a">Marigny, Enguerrand de</subfield>
   <subfield code="d">1260-1315</subfield>
   <subfield code="2">gnd</subfield>
  </datafield>
  <datafield tag="689" ind1="0" ind2="1">
   <subfield code="d">g</subfield>
   <subfield code="0">(DE-588)4377999-2</subfield>
   <subfield code="0">(DE-627)704016524</subfield>
   <subfield code="0">(DE-576)211806048</subfield>
   <subfield code="a">Notre-Dame d'Ecouis</subfield>
   <subfield code="2">gnd</subfield>
  </datafield>
  <datafield tag="689" ind1="0" ind2=" ">
   <subfield code="5">(DE-627)</subfield>
  </datafield>
  <datafield tag="689" ind1="1" ind2="0">
   <subfield code="d">g</subfield>
   <subfield code="0">(DE-588)4377999-2</subfield>
   <subfield code="0">(DE-627)704016524</subfield>
   <subfield code="0">(DE-576)211806048</subfield>
   <subfield code="a">Notre-Dame d'Ecouis</subfield>
   <subfield code="2">gnd</subfield>
  </datafield>
  <datafield tag="689" ind1="1" ind2="1">
   <subfield code="d">s</subfield>
   <subfield code="0">(DE-588)4002851-3</subfield>
   <subfield code="0">(DE-627)104280352</subfield>
   <subfield code="0">(DE-576)208848975</subfield>
   <subfield code="a">Architektur</subfield>
   <subfield code="2">gnd</subfield>
  </datafield>
  <datafield tag="689" ind1="1" ind2="2">
   <subfield code="a">z</subfield>
   <subfield code="2">gnd</subfield>
   <subfield code="a">Geschichte 1270-1330</subfield>
  </datafield>
  <datafield tag="689" ind1="1" ind2=" ">
   <subfield code="5">(DE-627)</subfield>
  </datafield>
  <datafield tag="689" ind1="2" ind2="0">
   <subfield code="d">g</subfield>
   <subfield code="0">(DE-588)4377999-2</subfield>
   <subfield code="0">(DE-627)704016524</subfield>
   <subfield code="0">(DE-576)211806048</subfield>
   <subfield code="a">Notre-Dame d'Ecouis</subfield>
   <subfield code="2">gnd</subfield>
  </datafield>
  <datafield tag="689" ind1="2" ind2="1">
   <subfield code="d">s</subfield>
   <subfield code="0">(DE-588)4046277-8</subfield>
   <subfield code="0">(DE-627)106198602</subfield>
   <subfield code="0">(DE-576)209068817</subfield>
   <subfield code="a">Plastik</subfield>
   <subfield code="2">gnd</subfield>
  </datafield>
  <datafield tag="689" ind1="2" ind2="2">
   <subfield code="a">z</subfield>
   <subfield code="2">gnd</subfield>
   <subfield code="a">Geschichte 1308-1350</subfield>
  </datafield>
  <datafield tag="689" ind1="2" ind2=" ">
   <subfield code="5">(DE-627)</subfield>
  </datafield>
  <datafield tag="787" ind1="0" ind2="8">
   <subfield code="i">Rezension</subfield>
   <subfield code="a">Steinmann, Marc</subfield>
   <subfield code="t">[Rezension von: Dorothy Gillerman, Enguerran de Marigny and the church of Notre-Dame at Ecouis]</subfield>
   <subfield code="d">2001</subfield>
   <subfield code="w">(DE-627)1547720441</subfield>
   <subfield code="w">(DE-576)477720447</subfield>
  </datafield>
  <datafield tag="889" ind1=" " ind2=" ">
   <subfield code="w">(DE-627)323401023</subfield>
  </datafield>
  <datafield tag="935" ind1=" " ind2=" ">
   <subfield code="i">mdedup</subfield>
  </datafield>
  <datafield tag="935" ind1=" " ind2=" ">
   <subfield code="i">Blocktest</subfield>
  </datafield>
  <datafield tag="936" ind1="r" ind2="v">
   <subfield code="a">LM 78999</subfield>
   <subfield code="b">Sonstige Orte (CSN)</subfield>
   <subfield code="k">Kunstgeschichte</subfield>
   <subfield code="k">Kunst nach Ländern bzw. Kontinenten</subfield>
   <subfield code="k">Frankreich</subfield>
   <subfield code="k">Kunsttopografie Frankreichs</subfield>
   <subfield code="k">Alphabetische Liste der französischen Orte</subfield>
   <subfield code="k">Sonstige Orte (CSN)</subfield>
   <subfield code="0">(DE-627)1271307324</subfield>
   <subfield code="0">(DE-625)rvk/101265:</subfield>
   <subfield code="0">(DE-576)201307324</subfield>
  </datafield>
  <datafield tag="951" ind1=" " ind2=" ">
   <subfield code="a">BO</subfield>
  </datafield>
  <datafield tag="990" ind1=" " ind2=" ">
   <subfield code="a">Marigny, Enguerrand de</subfield>
  </datafield>
  <datafield tag="990" ind1=" " ind2=" ">
   <subfield code="a">Notre-Dame d'Ecouis</subfield>
  </datafield>
  <datafield tag="990" ind1=" " ind2=" ">
   <subfield code="a">Notre-Dame d'Ecouis</subfield>
  </datafield>
  <datafield tag="990" ind1=" " ind2=" ">
   <subfield code="a">Architektur</subfield>
  </datafield>
  <datafield tag="990" ind1=" " ind2=" ">
   <subfield code="a">Geschichte 1270-1330</subfield>
  </datafield>
  <datafield tag="990" ind1=" " ind2=" ">
   <subfield code="a">Notre-Dame d'Ecouis</subfield>
  </datafield>
  <datafield tag="990" ind1=" " ind2=" ">
   <subfield code="a">Plastik</subfield>
  </datafield>
  <datafield tag="990" ind1=" " ind2=" ">
   <subfield code="a">Geschichte 1308-1350</subfield>
  </datafield>
  <datafield tag="991" ind1=" " ind2=" ">
   <subfield code="a">Rezensiertes Werk</subfield>
  </datafield>
  <datafield tag="999" ind1=" " ind2=" ">
   <subfield code="a">KXP-PPN127081909</subfield>
   <subfield code="e">4073615319</subfield>
  </datafield>
 </record>
</collection>
